| 000 | 00701nam a22002177a 4500 | ||
|---|---|---|---|
| 005 | 20251108172514.0 | ||
| 008 | 250721s9999 xx 000 0 ara d | ||
| 082 | 1 | 4 | _a344.0423رجب |
| 100 | 1 | _aرجب، محمد حسيب حافظ | |
| 245 | 1 | 0 | _aالتشريعات المتعلقة بالرقابة على الأغذية / |
| 246 | 1 | 1 | _aFood control legislation |
| 264 | 1 |
_aالإسكندرية : _bمكتبة المعارف الحديثة، |
|
| 300 | _a85ص | ||
| 650 | 1 | 7 | _aالأغذية |
| 650 | 1 | 7 | _aالرقابة الصحية |
| 650 | 1 | 7 | _aالقانون |
| 650 | 1 | 7 | _aالتشريعاتالغذائية |
| 650 | 1 | 7 | _aتلوث الغذاء |
| 942 |
_2ddc _cBK |
||
| 999 |
_c81075 _d81075 |
||